<?xml version="1.0" encoding="UTF-8"?>
<record
    xmlns:xsi="http://www.w3.org/2001/XMLSchema-instance"
    xsi:schemaLocation="http://www.loc.gov/MARC21/slim http://www.loc.gov/standards/marcxml/schema/MARC21slim.xsd"
    xmlns="http://www.loc.gov/MARC21/slim">

  <leader>01264nam a2200289 i 4500</leader>
  <controlfield tag="001">185367</controlfield>
  <controlfield tag="003">SpMaBN</controlfield>
  <controlfield tag="005">20250817075549.0</controlfield>
  <controlfield tag="008">160525s1990    sp a     c   |||| |bspa d</controlfield>
  <datafield tag="020" ind1=" " ind2=" ">
    <subfield code="a">84-404-7599-3</subfield>
  </datafield>
  <datafield tag="080" ind1=" " ind2=" ">
    <subfield code="a">76 Guti&#xE9;rrez-Solana, Jos&#xE9; (064.3)</subfield>
  </datafield>
  <datafield tag="080" ind1=" " ind2=" ">
    <subfield code="a">763 Guti&#xE9;rrez-Solana, Jos&#xE9; (064.3)</subfield>
  </datafield>
  <datafield tag="100" ind1="1" ind2=" ">
    <subfield code="a">Guti&#xE9;rrez Solana, Jos&#xE9;,</subfield>
    <subfield code="d">1886-1945</subfield>
    <subfield code="9">61225</subfield>
  </datafield>
  <datafield tag="245" ind1="1" ind2="0">
    <subfield code="a">Jos&#xE9; Guti&#xE9;rrez Solana </subfield>
    <subfield code="b">: grabador y lit&#xF3;grafo : [exposiciones] Centro de Escultura de Cand&#xE1;s, Museo Ant&#xF3;n... Real Academia de Bellas Artes de San Fernando, Calcograf&#xED;a Nacional, 1990-1991 / </subfield>
    <subfield code="c">[comisario, Luis Alonso Fern&#xE1;ndez].</subfield>
  </datafield>
  <datafield tag="246" ind1="3" ind2="8">
    <subfield code="a">Jos&#xE9; Guti&#xE9;rrez Solana </subfield>
    <subfield code="b">: grabador y lit&#xF3;grafo : Fundaci&#xF3;n Museo Evaristo Valle</subfield>
  </datafield>
  <datafield tag="260" ind1=" " ind2=" ">
    <subfield code="a">[Gij&#xF3;n : </subfield>
    <subfield code="b">Fundaci&#xF3;n Museo Evaristo Valle, </subfield>
    <subfield code="c">1990]</subfield>
  </datafield>
  <datafield tag="300" ind1=" " ind2=" ">
    <subfield code="a">106 p. : </subfield>
    <subfield code="b">il. ; </subfield>
    <subfield code="c">33 cm.</subfield>
  </datafield>
  <datafield tag="504" ind1=" " ind2=" ">
    <subfield code="a">Bibliograf&#xED;a : p. 106.</subfield>
  </datafield>
  <datafield tag="600" ind1="1" ind2="7">
    <subfield code="a">Guti&#xE9;rrez Solana, Jos&#xE9;,</subfield>
    <subfield code="d">1886-1945</subfield>
    <subfield code="2">embne</subfield>
    <subfield code="9">61225</subfield>
  </datafield>
  <datafield tag="655" ind1=" " ind2="7">
    <subfield code="2">tgfbne</subfield>
    <subfield code="9">193628</subfield>
    <subfield code="a">Cat&#xE1;logos de exposiciones</subfield>
  </datafield>
  <datafield tag="700" ind1="1" ind2=" ">
    <subfield code="a">Alonso Fern&#xE1;ndez, Luis.</subfield>
    <subfield code="9">20310</subfield>
  </datafield>
  <datafield tag="710" ind1="2" ind2=" ">
    <subfield code="a">Fundaci&#xF3;n Museo Evaristo Valle.</subfield>
    <subfield code="9">159643</subfield>
  </datafield>
  <datafield tag="710" ind1="2" ind2=" ">
    <subfield code="a">Calcograf&#xED;a Nacional (Espa&#xF1;a)</subfield>
    <subfield code="9">2350</subfield>
  </datafield>
  <datafield tag="852" ind1=" " ind2=" ">
    <subfield code="a">ES-MaACL</subfield>
    <subfield code="j">2330-F-12</subfield>
    <subfield code="c">DEPOF</subfield>
  </datafield>
  <datafield tag="942" ind1=" " ind2=" ">
    <subfield code="2">udc</subfield>
  </datafield>
  <datafield tag="999" ind1=" " ind2=" ">
    <subfield code="c">185367</subfield>
    <subfield code="d">185367</subfield>
  </datafield>
  <datafield tag="952" ind1=" " ind2=" ">
    <subfield code="0">0</subfield>
    <subfield code="1">0</subfield>
    <subfield code="4">0</subfield>
    <subfield code="7">0</subfield>
    <subfield code="8">Colecci&#xF3;n_de_folletos</subfield>
    <subfield code="a">ATENEOM</subfield>
    <subfield code="b">ATENEOM</subfield>
    <subfield code="c">DEPOF</subfield>
    <subfield code="d">2016-05-25</subfield>
    <subfield code="e">DON</subfield>
    <subfield code="l">0</subfield>
    <subfield code="o">2330-F-12</subfield>
    <subfield code="p">1195294</subfield>
    <subfield code="r">2023-02-23 00:00:00</subfield>
    <subfield code="w">2023-02-23</subfield>
    <subfield code="y">FOLLETOS</subfield>
  </datafield>
</record>
